000 00567nam a2200241 a 4500
001 nice12345678
003 IN_TiNIC
005 20260116011256.0
008 050524s1962 bosa grp 000 0 eng
020 _a
_c0
082 0 0 _a270.6
_bBAI
100 _aBainton, Roland
245 _aReformation of the Sixteenth Century
260 _aBoston
_bBeacon Press
_c1962
300 _a278p
500 _aincludes index and biblioraphy
505 2 _aIndex
650 _aReformation
700 1 _aBainton, Roland
902 _bSRS
942 _cBK
999 _c93
_d93